Statistiques concernant Quizlendrier de l'Avent #14 - Traduction de Noël (allemand)

Cliquez ici pour prendre le quiz!

Statistiques générales

  • Ce quiz a été pris 170 fois
  • Le résultat moyen est 10 sur 15

Statistiques - réponses

Mots allemandsTraductions françaises% Correct
WinterHiver
99%
GirlandeGuirlande
90%
WeihnachtenNoël
86%
WeihnachtsmannPère Noël
86%
AdventAvent
81%
WeihnachtsmarktMarché de Noël
79%
SchneeNeige
74%
GeschenkCadeau
73%
SternEtoile
64%
RentierRenne
59%
GlockeCloche
50%
KerzeBougie
41%
SchlittenTraineau
33%
KaminCheminée
24%
KrippeCrèche
22%

Distribution des résultats

Percentile par nombre de réponses

% des personnes avec chaque résultat

Votre développement - résultats

Vous n’avez pas pris ce quiz